The Noether Symmetries and Invariants of Some Partial Differential Equations (Record no. 525994)

000 -LEADER
fixed length control field 00560nam a22001937a 4500
003 - CONTROL NUMBER IDENTIFIER
control field NUST
005 - DATE AND TIME OF LATEST TRANSACTION
control field 20230126142828.0
008 - FIXED-LENGTH DATA ELEMENTS--GENERAL INFORMATION
fixed length control field 190707b ||||| |||| 00| 0 eng d
038 ## - RECORD CONTENT LICENSOR
Staff Name Mr. Zahoor
082 ## - DEWEY DECIMAL CLASSIFICATION NUMBER
Classification number 530
100 ## - MAIN ENTRY--PERSONAL NAME
Personal name Aslam, Adnan
9 (RLIN) 16945
245 ## - TITLE STATEMENT
Title The Noether Symmetries and Invariants of Some Partial Differential Equations
Statement of responsibility, etc. Adnan Aslam.
260 ## - PUBLICATION, DISTRIBUTION, ETC.
Place of publication, distribution, etc. Islambad :
Name of publisher, distributor, etc. SNS - NUST,
Date of publication, distribution, etc. 2014.
300 ## - PHYSICAL DESCRIPTION
Extent vii, 102 p. :
Other physical details 30cm.
500 ## - GENERAL NOTE
General note Hard Cover
650 ## - SUBJECT ADDED ENTRY--TOPICAL TERM
Topical term or geographic name entry element Physics - Ph. D
9 (RLIN) 16946
700 ## - ADDED ENTRY--PERSONAL NAME
Personal name Asghar Qadir
9 (RLIN) 16947
942 ## - ADDED ENTRY ELEMENTS (KOHA)
Source of classification or shelving scheme
Koha item type Thesis
Holdings
Withdrawn status Lost status Source of classification or shelving scheme Damaged status Not for loan Permanent Location Current Location Shelving location Date acquired Total Checkouts Full call number Barcode Date last seen Price effective from Koha item type
          Central Library (CL) Central Library (CL) Thesis 07/07/2019   530 CL-T-2251 08/08/2021 07/07/2019 Thesis
© 2023 Central Library, National University of Sciences and Technology. All Rights Reserved.